Portuguese Primeira Liga title winners - Statistics

General Stats
  • This quiz has been taken 803 times
  • The average score is 4 of 5
Answer Stats
Hint Answer % Correct
x33 Benfica
99%
x27 Porto
98%
x18 Sporting
95%
x1 Boavista
47%
x1 Belenenses
46%
No matching quizzes found
Score Distribution
Percent of People with Each Score
Percentile by Number Answered
Your Score History
You have not taken this quiz